| 000 | 00857nam a2200277Ia 4500 | ||
|---|---|---|---|
| 003 | OSt | ||
| 005 | 20221002051219.0 | ||
| 006 | a|||||r|||| 00| 0 | ||
| 007 | ta | ||
| 008 | 220930b |||||||| |||| 00| 0 eng d | ||
| 024 | _a22812 | ||
| 037 | _cReference Collections | ||
| 040 |
_aCRL _cCRL _beng |
||
| 041 |
_2eng _aeng |
||
| 082 | _aV1N4:(2:97)k, N1.1-;2 ( RR ) | ||
| 100 | _aAggarwal J C | ||
| 245 | 0 | _aDocumentation encyclopaedia of UNESCO and education | |
| 260 |
_aNew Delhi _bConcept _c1991 |
||
| 300 |
_a419p, 427-799p _ccm. |
||
| 500 | _aConcepts in communication informatics and librarianship, 16 | ||
| 650 | _a HISTORY | ||
| 650 |
_aDOCUMENTATION _9180838 |
||
| 700 | _a Agrawal S P | ||
| 942 |
_hV1N4:(2:97)k, N1.1-;2 ( RR ) _cref _2CC |
||
| 999 |
_c916228 _d916228 |
||